La investigación académica sobre comunicación en México : sistematización documental 1995-2001 /

Sábháilte in:
Sonraí bibleagrafaíochta
Príomhchruthaitheoir: Fuentes Navarro, Raúl (autor)
Formáid: LEABHAR
Teanga:Spáinnis
Foilsithe / Cruthaithe: Guadalajara, México : ITESO, 2003, c2003
Clibeanna: Cuir clib leis
Níl clibeanna ann, Bí ar an gcéad duine le clib a chur leis an taifead seo!

MARC

LEADER 00000nam^a2200000^a^4500
001 000593050
005 20250521000000.0
009 20260310133000.364
020 |a 968-5087-58-X 
037 |a Acervo ITESO - Biblioteca 
041 |a ESP 
091 |a FCR. 01285 
100 |a Fuentes Navarro, Raúl  |e (autor) 
245 1 3 |a La investigación académica sobre comunicación en México :  |b sistematización documental 1995-2001 / 
264 4 |a Guadalajara, México :  |b ITESO,  |c 2003, c2003 
300 |a 530 p. 
336 |a texto  |b txt  |2 rdacontenido 
337 |a sin mediación  |b n  |2 rdamedio 
338 |a volumen  |b nc  |2 rdasoporte 
649 |a XX 
910 |a Fondo Cristina Romo Gil 
920 |a Impresos - Libros 
930 |a Fondos Especiales 
905 |a 143 
901 |a 593050-10  |b IT2  |c ESP  |i D121511  |u 20250521 
902 |a https://opac.biblio.iteso.mx/vufind/Record/000593050